[Event "VII Open Basso Veronese"]
[Site "Casaleone ITA"]
[Date "2014.05.18"]
[Round "4"]
[White "Zonta, Riccardo"]
[Black "Belloni, Umberto"]
[WhiteElo "1606"]
[BlackElo "1757"]
[Result "0-1"]
[PlyCount "102"]
[EventDate "2014.05.16"]

1. e4 e6 2. d4 d5 3. exd5 Qxd5 4. Nf3 Nf6 5. c4 Qd6 6. Nc3 a6 7. Be2 c5 8. O-O
cxd4 9. Qxd4 Nc6 10. Qxd6 Bxd6 11. h3 h6 12. a3 g5 13. Be3 g4 14. hxg4 Nxg4 15.
Bb6 Rg8 16. Rad1 Ke7 17. g3 f5 18. c5 Bb8 19. Nd4 Nxd4 20. Rxd4 Be5 21. Rd3 Bd7
22. Bf3 Bc6 23. Bxc6 bxc6 24. Rfd1 Nf6 25. b4 Bxc3 26. Rxc3 Nd5 27. Rcd3 f4 28.
Kg2 Rg6 29. Rh1 Rag8 30. Rh4 e5 31. Ba5 Re6 32. b5 axb5 33. Bd2 e4 34. Rb3 e3
35. Be1 fxg3 36. fxg3 Ra8 37. Kf3 Kf7 38. Ke2 Kg6 39. Kd3 Rd8 40. Ke2 Rde8 41.
Ba5 Nf6 42. Be1 h5 43. Rhb4 Nd5 44. Rh4 Re4 45. Rxe4 Rxe4 46. Kf3 Rc4 47. Bb4
Kf5 48. Rb2 Rc1 49. Kg2 Rd1 50. Rc2 Nxb4 51. axb4 Rd2+ 0-1

[Event "VII Open Basso Veronese"]
[Site "Casaleone ITA"]
[Date "2014.05.18"]
[Round "5"]
[White "Adami, Antonio"]
[Black "Ljubisavljevic, Zivojin Z."]
[WhiteElo "1746"]
[BlackElo "2128"]
[Result "0-1"]
[PlyCount "68"]
[EventDate "2014.05.16"]

1. e4 g6 2. d4 Bg7 3. g3 d6 4. Bg2 Nc6 5. Be3 e5 6. Ne2 Bg4 7. f3 Bd7 8. Nbc3
h5 9. h3 a6 10. a4 f5 11. Qd2 Nf6 12. h4 fxe4 13. Nxe4 Nxe4 14. fxe4 O-O 15. d5
Ne7 16. Bh3 Bxh3 17. Rxh3 Qd7 18. Rh1 Kh8 19. O-O-O Qxa4 20. Nc3 Qd7 21. Qe2
Ng8 22. g4 Nf6 23. gxh5 gxh5 24. Rdg1 Ng4 25. Rh3 Rf6 26. Rf1 Rxf1+ 27. Qxf1
Nxe3 28. Rxe3 Bh6 29. Nd1 Rf8 30. Qe2 Qg4 31. Kb1 Bxe3 32. Qxe3 Qxd1+ 33. Ka2
Qg4 34. Qh6+ Kg8 0-1

[Event "VII Open Basso Veronese"]
[Site "Casaleone ITA"]
[Date "2014.05.18"]
[Round "5"]
[White "Belloni, Umberto"]
[Black "Negro, Raffaele"]
[WhiteElo "1757"]
[BlackElo "1808"]
[Result "1-0"]
[PlyCount "53"]
[EventDate "2014.05.16"]

1. d4 g6 2. Bg5 Bg7 3. c3 d6 4. Qc1 h6 5. Bh4 Nd7 6. e3 Ngf6 7. Nd2 b6 8. Be2
Bb7 9. Bf3 Qc8 10. Qd1 e5 11. Bxf6 Nxf6 12. dxe5 dxe5 13. Qa4+ Kf8 14. Ne2 Bxf3
15. Nxf3 e4 16. Nd2 Qb7 17. Ng3 Re8 18. h3 c5 19. O-O Kg8 20. Rfd1 Kh7 21. Nc4
Bf8 22. Nd6 Bxd6 23. Rxd6 b5 24. Qa5 Nd5 25. Rd1 Nb6 26. Qxb5 c4 27. Rd7 1-0

[Event "VII Open Basso Veronese"]
[Site "Casaleone ITA"]
[Date "2014.05.18"]
[Round "5"]
[White "Bertani, Gianfranco"]
[Black "Paler, Adrian"]
[WhiteElo "2048"]
[BlackElo "2012"]
[Result "1/2-1/2"]
[PlyCount "59"]
[EventDate "2014.05.16"]

1. d4 d5 2. e3 Nf6 3. Bd3 c6 4. f4 Bg4 5. Nf3 e6 6. O-O Nbd7 7. Nbd2 Bh5 8. Qe2
Bd6 9. b3 Qe7 10. a4 O-O 11. Bb2 Rfe8 12. Qe1 Nf8 13. Ne5 N6d7 14. e4 f6 15.
Qh4 fxe5 16. Qxh5 exd4 17. e5 Bb4 18. Nf3 Bc3 19. Bxc3 dxc3 20. Rae1 Nc5 21. f5
Nxd3 22. f6 Qf7 23. Qg4 Nxe1 24. Ng5 Qg6 25. h4 Nxc2 26. f7+ Kh8 27. fxe8=Q
Rxe8 28. h5 Qd3 29. Nf7+ Kg8 30. Nh6+ 1/2-1/2

[Event "VII Open Basso Veronese"]
[Site "Casaleone ITA"]
[Date "2014.05.18"]
[Round "5"]
[White "Bonini, Roberto"]
[Black "Omeri, Silvan"]
[WhiteElo "1859"]
[BlackElo "2186"]
[Result "0-1"]
[PlyCount "80"]
[EventDate "2014.05.16"]

1. e4 c5 2. Nf3 d6 3. d4 cxd4 4. Nxd4 Nf6 5. Nc3 g6 6. Be2 Nbd7 7. Be3 a6 8.
Qd2 Qc7 9. f3 Bg7 10. O-O-O b5 11. Bh6 Bxh6 12. Qxh6 Nb6 13. Nb3 Be6 14. Nd4
Bd7 15. Nb3 Rc8 16. Bd3 b4 17. Nd5 Nbxd5 18. exd5 a5 19. Rhe1 Nxd5 20. Qg7 Rf8
21. Kb1 a4 22. Na1 a3 23. Be4 axb2 24. Rxd5 bxa1=Q+ 25. Qxa1 Bc6 26. Rd2 d5 27.
Bd3 f6 28. Re6 Bd7 29. Ra6 Qc5 30. h3 Kf7 31. Qb2 Rb8 32. Re2 Rfc8 33. g4 g5
34. Qc1 b3 35. axb3 Rxb3+ 36. Ka2 Rxd3 37. Qe1 Qc4+ 38. Kb1 Qb5+ 39. Kc1 Qxa6
40. Rxe7+ Kf8 0-1

[Event "VII Open Basso Veronese"]
[Site "Casaleone ITA"]
[Date "2014.05.18"]
[Round "5"]
[White "De Bortoli, Francesco"]
[Black "Zanini, Andrea"]
[WhiteElo "1793"]
[BlackElo "1685"]
[Result "1-0"]
[PlyCount "101"]
[EventDate "2014.05.16"]

1. c4 b6 2. Nc3 Bb7 3. d4 e6 4. e4 Bb4 5. Bd3 f5 6. Qe2 Nf6 7. f3 fxe4 8. fxe4
O-O 9. e5 Bxc3+ 10. bxc3 Ne4 11. Bxe4 Qh4+ 12. Kd1 Qxe4 13. Nf3 Rxf3 14. gxf3
Qxf3 15. Rf1 Qxc3 16. Bb2 Qb4 17. a4 Nc6 18. Qf3 Rf8 19. Qxf8+ Qxf8 20. Rxf8+
Kxf8 21. Kd2 Ne7 22. a5 Ba8 23. axb6 cxb6 24. Rxa7 Bc6 25. Ba3 Ke8 26. Bxe7
Kxe7 27. Ke3 b5 28. cxb5 Bxb5 29. Ra8 Kf7 30. Kf4 h6 31. h4 Ke7 32. Ra1 Kf7 33.
Rg1 Kf8 34. Rg2 Bc6 35. Rg1 Bb5 36. Ke3 Kf7 37. Kd2 Kf8 38. Kc3 Kf7 39. Kb4 Bc6
40. Kc5 Ba4 41. Kd6 Bb5 42. Rg4 Bc6 43. Rf4+ Ke8 44. Rf2 Ba4 45. Ra2 Bc6 46.
Ra6 Kf7 47. h5 Ke8 48. Rxc6 dxc6 49. Kxe6 g5 50. hxg6 Kf8 51. Kd7 1-0

[Event "VII Open Basso Veronese"]
[Site "Casaleone ITA"]
[Date "2014.05.18"]
[Round "5"]
[White "De Paoli, Emilio"]
[Black "Mulone, Gaspare"]
[WhiteElo "1780"]
[BlackElo "1548"]
[Result "1-0"]
[PlyCount "63"]
[EventDate "2014.05.16"]

1. c4 g6 2. d4 Bg7 3. Nc3 d6 4. g3 c6 5. Bg2 Nf6 6. Nf3 O-O 7. O-O Na6 8. Bg5
Nc7 9. d5 cxd5 10. cxd5 b6 11. Nd4 Bb7 12. Nc6 Bxc6 13. dxc6 Rb8 14. a4 Ne6 15.
h4 Nxg5 16. hxg5 Ne8 17. Rc1 Nc7 18. b4 e6 19. Qd2 d5 20. Rfd1 Qe7 21. Nb5 a6
22. Nxc7 Qxc7 23. b5 axb5 24. axb5 Ra8 25. Qb4 Be5 26. Qh4 f5 27. e4 fxe4 28.
Bxe4 Ra2 29. Rxd5 exd5 30. Bxd5+ Kh8 31. Bxa2 Bd4 32. Qxd4+ 1-0

[Event "VII Open Basso Veronese"]
[Site "Casaleone ITA"]
[Date "2014.05.18"]
[Round "5"]
[White "Giuriato, Sergio"]
[Black "Ferretti, Alessandro"]
[WhiteElo "1946"]
[BlackElo "2016"]
[Result "1/2-1/2"]
[PlyCount "134"]
[EventDate "2014.05.16"]

1. d4 c5 2. d5 Nf6 3. c4 b5 4. cxb5 a6 5. bxa6 e6 6. Nc3 exd5 7. Nxd5 Nxa6 8.
e4 Bb7 9. Nf3 Nxe4 10. Bc4 Nc7 11. O-O Ne6 12. Re1 Nf6 13. b3 Bxd5 14. Bxd5
Nxd5 15. Qxd5 Be7 16. Bb2 O-O 17. a4 Ra6 18. Qc4 Rb6 19. Be5 d6 20. Bg3 d5 21.
Qd3 d4 22. a5 Rb7 23. a6 Ra7 24. Ne5 Qb6 25. Qc4 Nd8 26. h4 Bd6 27. h5 Bxe5 28.
Rxe5 Ne6 29. f4 d3 30. Qxd3 Nd4 31. Bf2 Rc8 32. Rae1 Raa8 33. Qe4 Qc6 34. Bxd4
Qxe4 35. R1xe4 cxd4 36. Rxd4 Rxa6 37. Rd7 Rf6 38. g3 h6 39. Kg2 Rb8 40. b4 Rfb6
41. Ree7 Rf8 42. Rb7 Rb8 43. Rxb8+ Rxb8 44. Re4 Rc8 45. Kf3 Kh7 46. f5 Rc1 47.
Re7 Rf1+ 48. Kg4 Rb1 49. Rb7 f6 50. Rb8 Rb3 51. b5 Rb4+ 52. Kh3 Rb3 53. b6 Rb5
54. b7 Rb4 55. Kg2 Rb3 56. Kf2 Rb1 57. Ke3 Rb3+ 58. Ke4 Rb1 59. Kd5 Rd1+ 60.
Ke6 Re1+ 61. Kd7 Rd1+ 62. Kc6 Rc1+ 63. Kb5 Rb1+ 64. Kc4 Rc1+ 65. Kd3 Rb1 66.
Kc2 Rb5 67. Kc3 Rb1 1/2-1/2

[Event "VII Open Basso Veronese"]
[Site "Casaleone ITA"]
[Date "2014.05.18"]
[Round "5"]
[White "Guerra, Alessandro"]
[Black "Zanchetta, Nicola"]
[WhiteElo "2214"]
[BlackElo "1937"]
[Result "1-0"]
[PlyCount "57"]
[EventDate "2014.05.16"]

1. d4 e6 2. e4 d5 3. Nc3 dxe4 4. Nxe4 Nd7 5. Nf3 Ngf6 6. Nc3 c5 7. d5 exd5 8.
Nxd5 Nxd5 9. Qxd5 Qe7+ 10. Be3 Nb6 11. Qb3 Be6 12. Bb5+ Nd7 13. Qa4 a6 14.
O-O-O Rd8 15. Bxd7+ Bxd7 16. Qa5 f6 17. Rde1 Kf7 18. Bf4 Be6 19. Rxe6 Qd7 20.
Rhe1 g5 21. Rxf6+ Kxf6 22. Bxg5+ Kg6 23. Ne5+ Kxg5 24. f4+ Kh5 25. Nxd7 Rxd7
26. Qc3 Rg7 27. Re6 Rg4 28. Qh3+ Rh4 29. Qf5# 1-0

[Event "VII Open Basso Veronese"]
[Site "Casaleone ITA"]
[Date "2014.05.18"]
[Round "5"]
[White "Jirillo, Antonio"]
[Black "Benetti, Lorenzo"]
[WhiteElo "1591"]
[BlackElo "1686"]
[Result "0-1"]
[PlyCount "114"]
[EventDate "2014.05.16"]

1. f4 f5 2. g3 Nf6 3. Bg2 d5 4. d4 e6 5. Nd2 Bd6 6. e3 Nbd7 7. c4 c6 8. c5 Bc7
9. Ngf3 O-O 10. O-O Qe8 11. b4 Ng4 12. Nb3 Qg6 13. Bh3 Ndf6 14. Ne5 Bxe5 15.
dxe5 Ne4 16. Bxg4 fxg4 17. Nd4 Bd7 18. Rb1 Nc3 19. f5 exf5 20. Qb3 Nxb1 21.
Qxb1 Rae8 22. Bb2 Qg5 23. Qc1 g6 24. Qc3 Be6 25. b5 cxb5 26. Nxb5 a6 27. Nc7
Re7 28. Nxe6 Rxe6 29. Qd4 Qd8 30. Rd1 Rf7 31. Qb4 Rd7 32. Qd4 Qa5 33. a4 Qc7
34. Qf4 Qxc5 35. Rc1 Qf8 36. Rc3 Kg7 37. Ba3 Qa8 38. Bd6 b5 39. Qb4 bxa4 40.
Qxa4 Qb7 41. Qxd7+ Qxd7 42. Rc7 Re7 43. Rxd7 Rxd7 44. Ba3 Kf7 45. Kf2 Ke6 46.
Bb2 a5 47. Ke2 a4 48. Kd3 Rc7 49. Bc3 Rc4 50. Kc2 Re4 51. Bd4 Rxe5 52. Kb2 Re4
53. Ka3 Rxd4 54. exd4 g5 55. Kxa4 f4 56. gxf4 gxf4 57. Kb4 g3 0-1

[Event "VII Open Basso Veronese"]
[Site "Casaleone ITA"]
[Date "2014.05.18"]
[Round "5"]
[White "Magnabosco, Mauro Denis"]
[Black "Pisani, Valerio"]
[WhiteElo "1815"]
[BlackElo "1722"]
[Result "1-0"]
[PlyCount "57"]
[EventDate "2014.05.16"]

1. c4 Nf6 2. g3 e5 3. Bg2 Bc5 4. Nc3 d6 5. d3 Nc6 6. Nf3 h6 7. a3 a5 8. Rb1 Be6
9. O-O Qd7 10. Re1 O-O 11. Nd2 Bh3 12. Nde4 Nxe4 13. Nxe4 Bb6 14. e3 Bxg2 15.
Kxg2 d5 16. Nc3 dxc4 17. dxc4 Qf5 18. Qf3 Qe6 19. b3 Rad8 20. Nd5 e4 21. Qe2
Ne5 22. Bb2 Nf3 23. Red1 Ng5 24. Qh5 Kh7 25. h3 g6 26. Qh4 f5 27. Nf6+ Rxf6 28.
Rxd8 Rf7 29. Rh8# 1-0

[Event "VII Open Basso Veronese"]
[Site "Casaleone ITA"]
[Date "2014.05.18"]
[Round "5"]
[White "Oppici, Gabriele"]
[Black "Moscato, Riccardo"]
[WhiteElo "1973"]
[BlackElo "1609"]
[Result "0-1"]
[PlyCount "112"]
[EventDate "2014.05.16"]

1. d4 d5 2. Nf3 Nf6 3. Bf4 e6 4. e3 Bd6 5. Bg3 a6 6. Nbd2 c5 7. c3 Nc6 8. Bd3
cxd4 9. exd4 Qc7 10. Qe2 Bd7 11. Ne5 Bxe5 12. dxe5 Ng8 13. f4 Nge7 14. Bf2 h5
15. h4 f6 16. exf6 gxf6 17. Be3 O-O-O 18. Nb3 e5 19. Qf2 Rde8 20. Bb6 Qd6 21.
Bc5 Qc7 22. O-O-O Bg4 23. Rde1 exf4 24. Bb6 Qd6 25. Rhf1 Ne5 26. Bc2 f3 27.
gxf3 Nxf3 28. Bc5 Qc7 29. Re3 Ne5 30. Qxf6 Nd7 31. Qd4 Rhf8 32. Rxf8 Rxf8 33.
Re1 Qg3 34. Rg1 Qxh4 35. Bd6 Qg5+ 36. Kb1 Nc6 37. Qa4 Rf2 38. Nd4 Qf6 39. Nxc6
Qxd6 40. Nd4 Qf6 41. a3 Rf1+ 42. Rxf1 Qxf1+ 43. Ka2 Qc4+ 44. Kb1 Qxa4 45. Bxa4
b5 46. Bb3 Nf6 47. Nc6 Bf3 48. Kc1 Kc7 49. Ne5 Be4 50. Bd1 Kd6 51. Nf3 Bxf3 52.
Bxf3 Ke5 53. Kd2 Kf4 54. Ke2 h4 55. Kf2 h3 56. b3 Ne4+ 0-1

[Event "VII Open Basso Veronese"]
[Site "Casaleone ITA"]
[Date "2014.05.18"]
[Round "5"]
[White "Pegoraro, Nicola"]
[Black "Luciani, Valerio"]
[WhiteElo "1999"]
[BlackElo "2213"]
[Result "0-1"]
[PlyCount "72"]
[EventDate "2014.05.16"]

1. e4 c5 2. Nf3 d6 3. d4 cxd4 4. Nxd4 Nf6 5. Nc3 a6 6. Bg5 e6 7. f4 Be7 8. Qf3
Qc7 9. O-O-O Nbd7 10. g4 b5 11. Bxf6 Nxf6 12. g5 Nd7 13. f5 Bxg5+ 14. Kb1 Ne5
15. Qh5 Qe7 16. Rg1 Bf6 17. fxe6 g6 18. exf7+ Qxf7 19. Qe2 O-O 20. Nf5 Bxf5 21.
exf5 Rad8 22. Bg2 Kh8 23. Bd5 Qe7 24. Be6 gxf5 25. Bxf5 Nc4 26. Qxe7 Bxe7 27.
Be6 Bf6 28. Bxc4 bxc4 29. Nd5 Be5 30. Rg2 Rg8 31. Rdd2 Bxh2 32. b4 Be5 33. a4
h5 34. Ka2 h4 35. Rge2 Rg1 36. c3 Rdg8 0-1

[Event "VII Open Basso Veronese"]
[Site "Casaleone ITA"]
[Date "2014.05.18"]
[Round "5"]
[White "Rondelli, Roberto"]
[Black "Benaddi, Redouane"]
[WhiteElo "1746"]
[BlackElo "1875"]
[Result "1-0"]
[PlyCount "103"]
[EventDate "2014.05.16"]

1. d4 Nf6 2. c4 g6 3. g3 Bg7 4. Bg2 d6 5. Nf3 O-O 6. O-O Nbd7 7. Nc3 Re8 8. e4
e5 9. d5 Nf8 10. Bg5 h6 11. Bxf6 Bxf6 12. Qc2 g5 13. b4 a5 14. a3 Bd7 15. c5
Qc8 16. Nd2 Ng6 17. Nc4 Bh3 18. cxd6 Bxg2 19. Kxg2 Qg4 20. Qd1 Nf4+ 21. Kh1 Qh3
22. Ne3 axb4 23. Nb5 cxd6 24. Qg4 h5 25. Qxh3 Nxh3 26. Nc7 Rec8 27. Nxa8 Rxa8
28. axb4 Rxa1 29. Rxa1 Nxf2+ 30. Kg2 Nxe4 31. Nf5 Kh7 32. Ra7 Kg6 33. Ne3 b5
34. Nd1 Bd8 35. Rb7 Nf6 36. Ne3 Ne4 37. Rxb5 f5 38. Rb7 f4 39. Nc4 g4 40. Rd7
f3+ 41. Kf1 Bg5 42. b5 h4 43. gxh4 Bf4 44. Rxd6+ Nxd6 45. Nxd6 Bxh2 46. Kf2 Kh5
47. Ne4 Kxh4 48. b6 g3+ 49. Kxf3 Kh3 50. b7 g2 51. Ng5+ Kh4 52. Kxg2 1-0

[Event "VII Open Basso Veronese"]
[Site "Casaleone ITA"]
[Date "2014.05.18"]
[Round "5"]
[White "Tencheni, Maurizio"]
[Black "Zonta, Riccardo"]
[WhiteElo "1700"]
[BlackElo "1606"]
[Result "1/2-1/2"]
[PlyCount "160"]
[EventDate "2014.05.16"]

1. b3 g6 2. Bb2 Nf6 3. Bxf6 exf6 4. c4 Bg7 5. e3 f5 6. d4 O-O 7. Nf3 c5 8. Nc3
Qa5 9. Rc1 Nc6 10. Be2 d6 11. O-O Qd8 12. Qd2 b6 13. Rfd1 Bb7 14. a3 a6 15. Rb1
Ne7 16. b4 Bxf3 17. Bxf3 Rb8 18. bxc5 bxc5 19. Nd5 Nxd5 20. Bxd5 Qc7 21. g3 Rb6
22. Qa5 Rfb8 23. dxc5 Qxc5 24. Qxc5 dxc5 25. Rxb6 Rxb6 26. Kg2 Rb3 27. a4 a5
28. Bc6 Rb8 29. Rd5 Bf8 30. Rd7 Bg7 31. Bd5 Rf8 32. Rc7 Bc3 33. Rxc5 Kg7 34.
Rb5 Bb4 35. c5 h5 36. h4 Kf6 37. Bb7 Ke7 38. c6 Kd6 39. Kf3 Re8 40. Rb6 Kc7 41.
Ra6 f6 42. Ra7 Kb6 43. Ra6+ Kc7 44. Ba8 Kb8 45. c7+ Kxc7 46. Bd5 Rf8 47. Ra7+
Kd6 48. Bc4 g5 49. Rh7 gxh4 50. Rxh5 hxg3 51. Kxg3 Ke5 52. Kf3 Rc8 53. Bb5 Rc5
54. Bd3 Ke6 55. Kf4 Re5 56. Bxf5+ Kd6 57. Rh6 Ke7 58. Rh7+ Kf8 59. f3 Kg8 60.
Rd7 Rc5 61. Be6+ Kh8 62. Rf7 Bc3 63. Bd7 Rc7 64. Re7 Be5+ 65. Kf5 Rc5 66. Re8+
Kg7 67. Bb5 Kf7 68. Ra8 Bc3+ 69. Ke4 Re5+ 70. Kd3 Bb4 71. Ke2 Rc5 72. f4 Ke7
73. Ra6 Kf7 74. Kf3 Ke7 75. Ke4 Rh5 76. f5 Rh4+ 77. Kd5 Rh1 78. Re6+ Kf7 79.
Be8+ Kg7 80. Re4 Rd1+ 1/2-1/2

[Event "XLVI C.to Italiano a squadre Master"]
[Site "Condino ITA"]
[Date "2014.04.30"]
[Round "1"]
[White "Abd El Gawad, Shaban"]
[Black "Esposito, Luca"]
[WhiteElo "2054"]
[BlackElo "2214"]
[Result "0-1"]
[PlyCount "128"]
[EventDate "2014.04.30"]

1. d4 Nf6 2. Bg5 e6 3. Nd2 c5 4. e3 Be7 5. c3 b6 6. Ngf3 Bb7 7. Bd3 Nc6 8. Qe2
d5 9. O-O O-O 10. Rad1 Qc7 11. Rfe1 c4 12. Bb1 b5 13. h3 Rfe8 14. g4 Rad8 15.
Ne5 Nxe5 16. dxe5 Ne4 17. Bf4 Nxd2 18. Rxd2 Qc6 19. f3 b4 20. Bg3 Qb6 21. Bf2
Qa5 22. Rd4 bxc3 23. Qc2 g6 24. bxc3 Bc6 25. h4 Rb8 26. h5 Qa3 27. hxg6 hxg6
28. f4 Rb2 29. Qd1 Reb8 30. Bc2 Qxa2 31. Rd2 Ba4 32. Ree2 Bxc2 33. Rxc2 Qa4 34.
Kg2 Rxc2 35. Qxc2 Qxc2 36. Rxc2 a5 37. Ra2 Rb3 38. Be1 Ba3 39. Kf3 Kf8 40. Rh2
Ke7 41. Rh8 Bb2 42. Ra8 Bxc3 43. Bh4+ Kd7 44. Rf8 Bd2 45. Rxf7+ Kc8 46. f5
Rxe3+ 47. Kf2 gxf5 48. g5 Re4 49. g6 Rxh4 50. g7 Rg4 51. Rf8+ Kd7 52. g8=Q Rxg8
53. Rxg8 Bc3 54. Rg7+ Ke8 55. Rg8+ Kf7 56. Ra8 Bxe5 57. Rxa5 Kf6 58. Ke2 Bd4
59. Ra6 Ke5 60. Kf3 f4 61. Rc6 Be3 62. Ke2 Kf5 63. Kf3 e5 64. Ke2 Ke4 0-1

[Event "XLVI C.to Italiano a squadre Master"]
[Site "Condino ITA"]
[Date "2014.04.30"]
[Round "1"]
[White "Antoniewski, Rafal"]
[Black "Manca, Federico"]
[WhiteElo "2540"]
[BlackElo "2416"]
[Result "1-0"]
[PlyCount "89"]
[EventDate "2014.04.30"]

1. Nf3 Nf6 2. g3 d5 3. Bg2 e6 4. O-O Be7 5. d4 O-O 6. c4 dxc4 7. Qa4 a6 8. Qxc4
b5 9. Qc2 Bb7 10. Bg5 Nbd7 11. Bxf6 Nxf6 12. Nbd2 Rc8 13. Nb3 c5 14. dxc5 Bd5
15. Ne1 Bxb3 16. Qxb3 Bxc5 17. Nd3 Qb6 18. a4 Rfd8 19. axb5 axb5 20. Rac1 h5
21. Nxc5 Rxc5 22. Qe3 Nd7 23. Rcd1 Qc7 24. Qd3 Qb8 25. Rd2 Rc7 26. Rfd1 Rdc8
27. Qd6 Nf6 28. Bf3 Re8 29. Qe5 Rc1 30. Qg5 Rxd1+ 31. Rxd1 Rd8 32. Rxd8+ Qxd8
33. Qxb5 Qd2 34. h4 Qd4 35. e3 Qd6 36. Bxh5 e5 37. Bf3 g6 38. b4 Kg7 39. Qc5
Qe6 40. b5 e4 41. Bg2 Kh7 42. Qd4 Qf5 43. Bh3 Qf3 44. b6 Nh5 45. Bg2 1-0

[Event "XLVI C.to Italiano a squadre Master"]
[Site "Condino ITA"]
[Date "2014.04.30"]
[Round "1"]
[White "Boscolo, Federico"]
[Black "Stella, Andrea"]
[WhiteElo "2285"]
[BlackElo "2433"]
[Result "1/2-1/2"]
[PlyCount "93"]
[EventDate "2014.04.30"]

1. e4 e6 2. d4 d5 3. Nd2 c5 4. exd5 exd5 5. Ngf3 Nf6 6. Bb5+ Bd7 7. Qe2+ Be7 8.
dxc5 O-O 9. Nb3 Re8 10. O-O Bxc5 11. Qd3 Bb6 12. Bxd7 Nbxd7 13. Bg5 h6 14. Bh4
Re4 15. Rad1 Qe7 16. Bg3 Re8 17. Nbd4 Nc5 18. Qd2 Qd7 19. c3 Nh5 20. Nh4 Kh7
21. Nhf5 Ne6 22. Qc2 g6 23. Ne3 Nxd4 24. cxd4 Nxg3 25. hxg3 Rxd4 26. Qb3 Rxd1
27. Rxd1 Bxe3 28. fxe3 Rd8 29. Rd4 Qc6 30. Kh2 Rd7 31. Qd1 Re7 32. Qf3 Kg7 33.
Rxd5 a6 34. e4 Qf6 35. Rd2 Qe5 36. Re2 h5 37. Qf4 g5 38. Qf3 h4 39. Kh3 hxg3
40. Qxg3 Re6 41. Qxe5+ Rxe5 42. Kg4 Kg6 43. Kf3 Ra5 44. b3 Rc5 45. Ke3 Kf6 46.
Kd4 b6 47. g4 1/2-1/2

[Event "XLVI C.to Italiano a squadre Master"]
[Site "Condino ITA"]
[Date "2014.04.30"]
[Round "1"]
[White "Brun, Dario"]
[Black "Collutiis, Duilio"]
[WhiteElo "2275"]
[BlackElo "2462"]
[Result "0-1"]
[PlyCount "44"]
[EventDate "2014.04.30"]

1. d4 d5 2. c4 c6 3. Nc3 Nf6 4. cxd5 cxd5 5. Bf4 Qb6 6. e3 Qxb2 7. Bb5+ Nc6 8.
Nge2 e6 9. Rb1 Qa3 10. O-O Bb4 11. Na4 Ba5 12. Nc5 O-O 13. Bd6 Rd8 14. Ne4 Rxd6
15. Rb3 Qxa2 16. Nc1 Qa1 17. Nxd6 Bc7 18. Qc2 Bxd6 19. Na2 Nxd4 20. exd4 Qxd4
21. Rc3 Bd7 22. Rd1 Qe5 0-1

[Event "XLVI C.to Italiano a squadre Master"]
[Site "Condino ITA"]
[Date "2014.04.30"]
[Round "1"]
[White "Bruno, Fabio"]
[Black "Rossi, Carlo"]
[WhiteElo "2413"]
[BlackElo "2282"]
[Result "1-0"]
[PlyCount "97"]
[EventDate "2014.04.30"]

1. Nf3 g6 2. c4 Bg7 3. d4 c5 4. d5 d6 5. e4 Na6 6. h3 Nc7 7. Nc3 a6 8. a4 Rb8
9. Bd3 Bd7 10. O-O e5 11. dxe6 Nxe6 12. Re1 Ne7 13. Bf1 Bc6 14. Nd5 O-O 15. a5
h6 16. Bd2 Nd4 17. Nxd4 cxd4 18. b4 Bd7 19. b5 Nxd5 20. exd5 Qf6 21. Qb3 b6 22.
axb6 axb5 23. cxb5 Rxb6 24. Ra7 Bf5 25. Ba5 Rbb8 26. Bc7 d3 27. Bxb8 Rxb8 28.
Bxd3 Qd4 29. Ra3 Bd7 30. Qc4 Qb6 31. Ra6 Qd8 32. Rxd6 Bf8 33. Rc6 Qa5 34. Rb1
Re8 35. Qc3 Qa4 36. Rc4 Qa8 37. Be4 Bd6 38. b6 Be5 39. Qc2 f5 40. b7 Qb8 41.
Bf3 Bh2+ 42. Kh1 Bd6 43. g3 Kh7 44. Kg2 h5 45. Qb3 f4 46. g4 Qd8 47. Rbc1 hxg4
48. hxg4 Qg5 49. Rc7 1-0

[Event "XLVI C.to Italiano a squadre Master"]
[Site "Condino ITA"]
[Date "2014.04.30"]
[Round "1"]
[White "Caprio, Guido"]
[Black "Mariotti, Sergio"]
[WhiteElo "2426"]
[BlackElo "2295"]
[Result "1/2-1/2"]
[PlyCount "120"]
[EventDate "2014.04.30"]

1. d4 Nf6 2. c4 e6 3. Nc3 Bb4 4. e3 O-O 5. Bd3 c5 6. Nf3 d5 7. O-O Nc6 8. a3
Bxc3 9. bxc3 dxc4 10. Bxc4 Qc7 11. Bd3 e5 12. Qc2 Re8 13. Nxe5 Nxe5 14. dxe5
Qxe5 15. f3 Bd7 16. a4 Rad8 17. e4 c4 18. Be2 Qc5+ 19. Kh1 b6 20. Rd1 Be6 21.
Ba3 Qe3 22. Bd6 Nh5 23. Bf1 Qh6 24. Qd2 Qxd2 25. Rxd2 Rd7 26. Rad1 Red8 27. Rd4
g6 28. g4 Ng7 29. Be5 Rxd4 30. cxd4 Rc8 31. Rc1 Ne8 32. g5 Kf8 33. d5 Bd7 34.
Rxc4 Rxc4 35. Bxc4 Bxa4 36. Bb8 a5 37. Ba2 Ke7 38. Ba7 b5 39. e5 Bd1 40. d6+
Kd7 41. Bxf7 Bxf3+ 42. Kg1 Ng7 43. Kf2 Bg4 44. Bg8 Be6 45. Bxh7 Bf7 46. h4 b4
47. Be3 a4 48. Bc1 a3 49. Ke1 Ke6 50. Kd1 Be8 51. Bg8+ Kxe5 52. Bd2 Ne6 53.
Bxb4 a2 54. Bc3+ Kxd6 55. Kc1 Nf4 56. Bxa2 Ng2 57. h5 gxh5 58. Kd2 Bg6 59. Ke2
Nf4+ 60. Kf3 Nd5 1/2-1/2

[Event "XLVI C.to Italiano a squadre Master"]
[Site "Condino ITA"]
[Date "2014.04.30"]
[Round "1"]
[White "D'Amore, Carlo"]
[Black "Lantini, Marco"]
[WhiteElo "2493"]
[BlackElo "2112"]
[Result "1-0"]
[PlyCount "90"]
[EventDate "2014.04.30"]

1. Nf3 d5 2. g3 Bg4 3. Bg2 c6 4. d3 Nd7 5. Nbd2 e6 6. b3 Bd6 7. Bb2 f6 8. c4
Nh6 9. a3 O-O 10. b4 Re8 11. Qb3 Bh5 12. O-O Qe7 13. e4 Bf7 14. Rfe1 Qf8 15. h3
Kh8 16. e5 Nxe5 17. Nxe5 Bxe5 18. Bxe5 fxe5 19. Rxe5 Ng8 20. Rae1 Nf6 21. f4
Nd7 22. R5e2 Qd6 23. Nf3 h6 24. c5 Qc7 25. d4 Rf8 26. Ne5 Nxe5 27. Rxe5 Bg8 28.
h4 Qd8 29. Bh3 Qf6 30. Qe3 a5 31. Bxe6 axb4 32. axb4 Ra4 33. Rf5 Qd8 34. Rxf8
Qxf8 35. f5 Qf6 36. Bxg8 Kxg8 37. Qe8+ Kh7 38. Re5 h5 39. Qxh5+ Qh6 40. Qxh6+
Kxh6 41. Re6+ Kh5 42. Rg6 Rxb4 43. Kg2 Rxd4 44. Kh3 Rd3 45. Rxg7 Kh6 1-0

[Event "XLVI C.to Italiano a squadre Master"]
[Site "Condino ITA"]
[Date "2014.04.30"]
[Round "1"]
[White "David, Alberto"]
[Black "Vachier-Lagrave, Maxime"]
[WhiteElo "2579"]
[BlackElo "2758"]
[Result "0-1"]
[PlyCount "54"]
[EventDate "2014.04.30"]

1. Nf3 Nf6 2. c4 g6 3. b4 Bg7 4. Bb2 O-O 5. g3 c6 6. Na3 Qb6 7. Nc2 d6 8. Rb1
e5 9. Bg2 e4 10. Nfd4 a5 11. a3 axb4 12. axb4 Nbd7 13. O-O Re8 14. Bc3 Ne5 15.
Ne3 h5 16. Ra1 Rxa1 17. Qxa1 h4 18. b5 hxg3 19. hxg3 Neg4 20. Ndc2 Qc5 21. Nxg4
Nxg4 22. Bxg7 Qh5 23. Rb1 Qh2+ 24. Kf1 Ne5 25. g4 Nf3 26. exf3 exf3 27. Bxf3
Bxg4 0-1

[Event "XLVI C.to Italiano a squadre Master"]
[Site "Condino ITA"]
[Date "2014.04.30"]
[Round "1"]
[White "Erdos, Viktor"]
[Black "Palac, Mladen"]
[WhiteElo "2651"]
[BlackElo "2569"]
[Result "1/2-1/2"]
[PlyCount "118"]
[EventDate "2014.04.30"]

1. Nf3 d5 2. g3 g6 3. Bg2 Bg7 4. d4 Nf6 5. c4 c6 6. b3 O-O 7. Bb2 a5 8. O-O Bf5
9. e3 Nbd7 10. cxd5 cxd5 11. Nc3 Nb6 12. a4 Nc8 13. Ne5 Ne4 14. Qe2 Nxc3 15.
Bxc3 f6 16. Nd3 Bxd3 17. Qxd3 f5 18. b4 axb4 19. Bxb4 Rf7 20. a5 e6 21. a6 Na7
22. axb7 Rxb7 23. Qa6 Rb6 24. Qa4 Rbb8 25. Rfc1 Nb5 26. Ba5 Qe8 27. Bf1 Bf8 28.
Qd1 Rc8 29. Rxc8 Rxc8 30. Rb1 Nd6 31. Bb4 Rb8 32. Bxd6 Rxb1 33. Qxb1 Bxd6 34.
Qb7 Qd8 35. Bb5 Qc7 36. Qa8+ Kg7 37. Qe8 Qe7 38. Qc8 e5 39. Qc3 exd4 40. Qxd4+
Qe5 41. Qa7+ Qe7 42. Qa2 Qb7 43. Be2 Kf6 44. Bf3 Ke6 45. Qa1 Be5 46. Qa4 Qd7
47. Qa6+ Ke7 48. Qa5 Ke6 49. Qa2 Qb7 50. Kg2 Bg7 51. h4 h6 52. g4 fxg4 53.
Bxg4+ Ke7 54. Bf3 Qd7 55. Qa6 Bf6 56. h5 gxh5 57. Qd3 d4 58. Qh7+ Kd6 59. Qxh6
Qg7+ 1/2-1/2

[Event "XLVI C.to Italiano a squadre Master"]
[Site "Condino ITA"]
[Date "2014.04.30"]
[Round "1"]
[White "Godena, Michele"]
[Black "Arlandi, Ennio"]
[WhiteElo "2528"]
[BlackElo "2430"]
[Result "1/2-1/2"]
[PlyCount "45"]
[EventDate "2014.04.30"]

1. e4 c5 2. c3 Nf6 3. e5 Nd5 4. Nf3 e6 5. d4 cxd4 6. cxd4 d6 7. Bc4 Nc6 8. O-O
Be7 9. Qe2 O-O 10. Qe4 Ndb4 11. exd6 Qxd6 12. Bf4 Qd8 13. Nc3 Na5 14. Be2 Bd7
15. d5 exd5 16. Nxd5 Nxd5 17. Qxd5 Bg4 18. Qe4 Nc6 19. Rfd1 Qc8 20. Ne5 Nxe5
21. Bxe5 Bxe2 22. Qxe2 Qe6 23. Qb5 1/2-1/2